Le Seigneur des Anneaux - Prologue - Statistiques

Statistiques générales
  • Ce quiz a été pris 6 704 fois
  • Le résultat moyen est 268 sur 478
Statistiques - réponses
Réponse % Correct
a
96%
à
96%
Le
92%
le
92%
anneau
89%
de
86%
se
86%
sa
85%
un
85%
Un
85%
la
84%
La
84%
84%
les
84%
Les
84%
Elfes
82%
hommes
82%
des
81%
Nains
80%
pour
79%
et
78%
Et
78%
du
77%
77%
ne
77%
Sauron
77%
tous
77%
dans
76%
Dans
76%
au
73%
seigneur
73%
gouverner
72%
il
72%
Il
72%
neuf
71%
ténèbres
71%
Trois
71%
montagne
70%
Montagne
70%
ce
69%
Ce
69%
forgé
69%
terre
69%
Terre
69%
anneaux
68%
Sept
68%
Destin
67%
destin
67%
furent
64%
en
63%
En
63%
aux
62%
Isildur
62%
pouvoir
62%
qui
62%
Tout
62%
tout
62%
fut
61%
Milieu
61%
Hobbit
60%
monde
59%
Mordor
59%
par
59%
plus
59%
donnés
58%
Je
58%
roi
58%
une
58%
Une
58%
Mais
57%
mais
57%
seigneurs
57%
s'en
56%
autre
55%
est
55%
l'eau
55%
race
55%
changé
54%
être
54%
ils
53%
Gollum
52%
cet
51%
flammes
51%
maître
51%
51%
que
51%
son
51%
car
50%
Car
50%
sages
50%
forgés
49%
mal
49%
vois
49%
alliance
48%
perdu
48%
secret
48%
sens
48%
l'anneau
47%
L'anneau
47%
Comté
46%
créature
46%
forgea
46%
grands
45%
guerre
45%
l'air
45%
pas
45%
volonté
45%
ces
43%
dupés
43%
mort
43%
vie
43%
Bilbon
42%
était
42%
êtres
42%
Sur
42%
sur
42%
toute
42%
autres
41%
coeur
41%
ressens
41%
fils
40%
commença
39%
vaincu
39%
cinq
38%
mineurs
38%
peuples
38%
chose
37%
lorsque
37%
contre
36%
déversa
36%
libres
36%
moment
36%
Sacquet
36%
sous
36%
ans
35%
armées
35%
père
35%
terres
35%
cruauté
34%
dominer
34%
L'ultime
34%
nom
34%
propre
34%
alla
33%
corruptible
33%
détruire
33%
force
33%
immortels
33%
l'épée
33%
par-dessus
33%
sculpteurs
33%
cent
32%
jamais
32%
aisément
31%
alors
31%
certaines
31%
chaque
31%
perdues
31%
résistèrent
31%
trahit
31%
choses
30%
désirait
30%
deux
30%
entra
30%
malveillance
30%
oubliées
30%
pouvait
30%
soit
30%
battirent
29%
espoir
29%
Pendant
29%
pendant
29%
jadis
28%
menant
28%
mille
28%
précis
28%
s'empara
28%
avait
27%
ceux
27%
légende
27%
nommée
27%
personne
27%
caverne
26%
libérer
26%
longue
26%
mythe
26%
n'auraient
26%
proche
26%
respectables
26%
seule
26%
victoire
26%
après
25%
Beaucoup
25%
devint
25%
eut
25%
Hobbits
25%
improbable
25%
lui
25%
qu'Isildur
25%
s'attendait
25%
tombèrent
25%
abandonna
24%
C'est
24%
laquelle
24%
l'ennemi
24%
Monts
24%
passa
24%
Brumeux
23%
contrées
23%
hasard
23%
Jusqu'à
23%
n'entendit
23%
nouveau
23%
parler
23%
peur
23%
porteur
23%
prit
23%
ramassé
23%
travers
23%
disparu
22%
existait
22%
l'autre
22%
L'une
22%
opportunité
22%
sans
22%
souvient
22%
versants
22%
aucun
21%
l'emprise
21%
L'histoire
21%
ombre
21%
incroyablement
20%
l'esprit
20%
rongea
20%
aujourd'hui
19%
dévora
19%
heure
19%
piège
19%
vivent
18%
forêt
17%
l'est
17%
venue
17%
l'emmena
15%
murmure
15%
rumeur
15%
attendait
14%
d'une
14%
effet
14%
l'obscurité
14%
vint
14%
détermineront
13%
transmises
13%
comprit
12%
l'heure
12%
apporta
11%
approche
11%
souterraines
10%
engendra
9%
galeries
9%
s'insinuèrent
9%
Aucun quiz correspondant
Distribution des résultats
% des personnes avec chaque résultat
Percentile par nombre de réponses
Votre historique - résultats
Vous n’avez pas pris ce quiz